Compendio de historia de la URSS

Gespeichert in:
Bibliographische Detailangaben
Körperschaft: Academia de Ciencias de la URSS. Instituto de Historia (VerfasserIn)
Format: Buch
Sprache:Spanisch
Veröffentlicht: Moscú Progreso 1950
Schlagworte:
Tags: Tag hinzufügen
Keine Tags, Fügen Sie den ersten Tag hinzu!

MARC

LEADER 00000cam a2200000 a 4500
001 UCD3661
003 CL-VaPUC
005 20210526001356.0
008 160616e19500000ru |||||||||||||||||spa|d
999 |c 364688  |d 364686 
040 |c Pontificia Universidad Católica de Valparaíso 
082 0 4 |a 947 ACA 1950  |2 21 
110 2 |a Academia de Ciencias de la URSS. Instituto de Historia  |e author  |9 587215 
245 1 0 |a Compendio de historia de la URSS 
260 |a Moscú  |b Progreso  |c 1950 
300 |a volúmenes 
500 |a v.1: Desde la antigüedad hasta la gran revolución socialista de octubre de 1917 
500 |a v.2: desde la gran revolución socialista de Octubre hasta nuestros días 
583 |a last modification  |c 20160714 10:12:43  |k Rodrigo Vera 
650 0 |a Historia de Rusia  |9 343091 
650 7 |a HISTORIA DE RUSIA 1917  |2 CL-VaPUC  |9 442338 
650 0 |a Revolución rusa  |9 343225 
942 |c BK  |2 ddc 
945 |d 20160616 22:39:00  |a dcastane 
952 |0 0  |1 0  |2 ddc  |3 erd  |4 0  |6 947_000000000000000_ACA_1950  |7 0  |8 A  |9 478250  |a FDOHBE  |b FDOHBE  |e Huesbe Llanos, Marco Antonio, 1934-  |h v.2  |i 531092K  |o 947 ACA 1950  |p 531092K  |r 2024-01-30  |t 1  |w 2019-11-24  |y BK  |z Catalogado en:20160616  |k HBE 
952 |0 0  |1 0  |2 ddc  |3 erd  |4 0  |6 947_000000000000000_ACA_1950  |7 0  |8 A  |9 478251  |a FDOHBE  |b FDOHBE  |e Huesbe Llanos, Marco Antonio, 1934-  |h v.1  |i 5307988  |o 947 ACA 1950  |p 5307988  |r 2024-01-30  |t 1  |w 2019-11-24  |y BK  |z Catalogado en:20160717  |k HBE